Caller unknown / Gillian McAllister
Available copies
- 0 of 6 copies available at LARL/NWRL Consortium.
- 0 of 4 copies available at Lake Agassiz Regional Library. (Show preferred library)
Current holds
23 current holds with 6 total copies.
View other formats and editions
Show Only Available Copies
| Location | Call Number / Copy Notes | Barcode | Shelving Location | Status | Due Date |
|---|---|---|---|---|---|
| Barnesville Public Library | MCA (Text) | 33500014419782 | New | Checked out | 07/14/2026 |
| Crookston Public Library | MCA (Text) | 33500014372486 | New | Checked out | 07/08/2026 |
| Detroit Lakes Public Library | MCA (Text) | 33500014372494 | New | Checked out | 07/08/2026 |
| Moorhead Public Library | MCA (Text) | 33500014419972 | New | Checked out | 07/20/2026 |
| Hallock Public Library | MCA (Text) | 35500006940330 | New | Checked out | 07/16/2026 |
| Warroad Public Library | MCA (Text) | 35500006942328 | New | Checked out | 07/23/2026 |
Record details
- ISBN: 9780063338470
- ISBN: 0063338475
- Physical Description: 340 pages ; 24 cm.
- Edition: First U.S. edition.
- Publisher: New York, NY : William Morrow, 2026.
Content descriptions
| Summary, etc.: | "How far would you go to rescue your child? A ... Read More There is nothing that Simone won't do for her ... Read More |
Search for related items by subject
| Genre: | Detective and mystery fiction. Thrillers (Fiction) Psychological fiction. |
| LDR | 03722cam a22006497i 4500 | ||
|---|---|---|---|
| 001 | 470588 | ||
| 003 | LARL_NWRL_CONSORTIUM | ||
| 005 | 20260506174133.0 | ||
| 008 | 251120s2026 nyu e 000 1 eng d | ||
| 040 | . | ‡aTOH ‡beng ‡erda ‡cTOH ‡dY$5 ‡dIG# ‡dOCLCO ‡dRNL ‡dOCLCO ‡dMWD ‡dZGN | |
| 020 | . | ‡a9780063338470 ‡q(hardcover) | |
| 020 | . | ‡a0063338475 | |
| 035 | . | ‡a(OCoLC)1557401950 | |
| 082 | 0 | 4. | ‡a[Fic] ‡223 |
| 100 | 1 | . | ‡aMcAllister, Gillian, ‡eauthor. ‡1https://id.oclc.org/worldcat/entity/E39PBJtCGYBbcbJfhxr8rr3bBP |
| 245 | 1 | 0. | ‡aCaller unknown / ‡cGillian McAllister |
| 250 | . | ‡aFirst U.S. edition. | |
| 264 | 1. | ‡aNew York, NY : ‡bWilliam Morrow, ‡c2026. | |
| 300 | . | ‡a340 pages ; ‡c24 cm. | |
| 336 | . | ‡atext ‡btxt ‡2rdacontent | |
| 337 | . | ‡aunmediated ‡bn ‡2rdamedia | |
| 338 | . | ‡avolume ‡bnc ‡2rdacarrier | |
| 520 | . | ‡a"How far would you go to rescue your child? A mother races against the clock--and finds herself on the wrong side of the law--in a desperate fight to save her teenage daughter"-- ‡cProvided by publisher. | |
| 520 | . | ‡aThere is nothing that Simone won't do for her daughter, Lucy. The two have always been close, and with Lucy about to leave home for university, they depart the UK for a vacation to Texas to spend some quality time together. But when Simone awakens on their first morning in the desert, Lucy is gone, missing from their rental cabin. In her place is a cell phone, and a voice on the other line issues a shocking ransom demand. Don't tell the police. Come to this location. And be prepared to do a deal... Though Simone's husband urges her to bring in the authorities for help, she knows she can't take any chances. The kidnappers might kill Lucy if she tells anyone. No mother would take that risk. Instead, that night, she drives to the isolated meet-up. What she finds there changes everything. The mysterious kidnapper doesn't want money. They want Simone to do something. The unthinkable. A catastrophic chain of events is set in motion, with chilling consequences that extend beyond Simone and her family. What follows is a heart-pounding journey through the small towns and punishing deserts of remote Texas, in which Simone's courage--and morality--is pushed to the brink as she discovers what it truly means to be a mother. | |
| 650 | 0. | ‡aBritish ‡vFiction. | |
| 650 | 0. | ‡aMothers and daughters ‡vFiction. ‡0(LARL_NWRL_CONSORTIUM)166030 | |
| 650 | 0. | ‡aFamily vacations ‡zTexas ‡vFiction. | |
| 650 | 0. | ‡aDeserts ‡zTexas ‡vFiction. | |
| 650 | 0. | ‡aTeenage girls ‡vFiction. ‡0(LARL_NWRL_CONSORTIUM)167625 | |
| 650 | 0. | ‡aRansom ‡vFiction. | |
| 650 | 0. | ‡aKidnappers ‡vFiction. | |
| 650 | 0. | ‡aRescues ‡vFiction. ‡0(LARL_NWRL_CONSORTIUM)174659 | |
| 650 | 0. | ‡aEthical problems ‡vFiction. | |
| 650 | 0. | ‡aEthics ‡vFiction. | |
| 650 | 7. | ‡aMother-daughter relationship ‡vFiction. ‡2sears | |
| 650 | 7. | ‡aDeserts ‡vFiction. ‡2sears ‡0(LARL_NWRL_CONSORTIUM)168984 | |
| 650 | 7. | ‡aTeenagers ‡vFiction. ‡2sears ‡0(LARL_NWRL_CONSORTIUM)167663 | |
| 650 | 7. | ‡aRansom ‡vFiction. ‡2sears | |
| 650 | 7. | ‡aRescue work ‡vFiction. ‡2sears ‡0(LARL_NWRL_CONSORTIUM)167021 | |
| 650 | 7. | ‡aEthics ‡vFiction. ‡2sears | |
| 655 | 7. | ‡aDetective and mystery fiction. ‡2lcgft | |
| 655 | 7. | ‡aThrillers (Fiction) ‡2lcgft | |
| 655 | 7. | ‡aPsychological fiction. ‡2lcgft | |
| 936 | . | ‡aBATCHLOAD | |
| 901 | . | ‡a470588 ‡bOCoLC ‡c470588 ‡tbiblio ‡soclc | |

Add to basket
Permalink
Disable Highlighting